000
00265nam a22001097a 4500
008
231027b |||||||| |||| 00| 0 eng d
100
_a
Vajpeyee,Bhagwati Prasad
_9
5889
245
_a
Jharokhe Ki Rani
260
_a
Delhi;
_b
Navyug Pub.;
300
_a
162p
942
_c
BK
999
_c
40311
_d
40311